000 00651nam a2200205 i 4500
001 bg
100 1 _aKOWALCZYK, Ryszard
245 1 0 _aZarys dziejów prasy lokalnej w Polsce /
_cRyszard Kowalczyk.
260 _aPoznań :
_bWydaw. Naukowe Instytutu Nauk Politycznych i Dziennikarstwa Uniwerytetu im. Adama Mickiewicza,
_c2000.
300 _a184 s. ;
_c25 cm.
504 _aBibliogr. s. 173-184.
650 9 _aCzasopisma regionalne i lokalne polskie
_xhistoria
020 _a8387704245
040 _cBPK
041 0 _apl
080 _a050+070](438)(091)
920 _a83-87704-24-5
942 _cKS
008 s pl f |000 0 pol
999 _c39243
_d39243
856 _uhttp://koha.tu.koszalin.pl/cgi-bin/koha/opac-detail.pl?biblionumber=39243
_yKatalog online BPK